00566nam a2200133Ia 4500008004100000100001700041245019300058245003300251260005300284260000900337300001000346650001500356856006100371170221s9999 xx 000 0 und d aAzilah Kasim aHow Does Firm Strategy Affect the Relationship between Entrepreneurial Strategic Orientation and Firm Growth? A Preliminary Analysis on Small and Medium Size Hotels in Peninsular Malaysia  cAzilah Kasim, Levent Altinay bInternational Review of Management and Marketing c2012 a7 : 1 xMarketing. uhttp://www.econjournals.com/index.php/irmm/issue/view/91